000 005760000a22002050004500
003 LK-CoMWRAF
005 20230915223752.0
008 230817t1994 ||||| |||| 00| 0 eng d
020 _a0813013194
040 _aLK-CoMWRAF
_dLK-CoMWRAF
_eLK-CoMWRAF
041 _aeng
082 _a297.096
_bFLU
100 _aFluehr-Lobban, Carolyn
245 _aIslamic society in practice
260 _aU.S.A. :
_bUniversity press of florida,
_c1994
300 _ax,191p. : ill., maps, ports. ; 23cm.
650 _aIslam-Societies
650 _aReligious life and customs
942 _cBK
999 _c1079
_d1079